Multiple-Choice-Stadtquiz Saarbrücken - Statistiken

Allgemein
  • Dieses Quiz wurde 1.018 mal gespielt
  • Das Durchschnittsergebnis liegt bei 6 aus 10
Antwortstatistiken
Frage Antwort % Korrekt
Von welchem Bundesland ist Saarbrücken die Landeshauptstadt? Saarland
99%
An welches Land grenzt Saarbrücken? Frankreich
90%
Von welchem Land war das Saarland 1947–1956 politisch geprägt? Frankreich
90%
Welches Bauwerk gilt als Wahrzeichen von Saarbrücken? Ludwigskirche
67%
Saarbrücken entstand aus drei Städten. Welche gehörten dazu? Saarbrücken, Malstatt-Burbach, St. Johann
41%
Wie heißt die Universität in Saarbrücken? Universität des Saarlandes
41%
Welches bekannte Naherholungsgebiet liegt im Südwesten der Stadt? Deutsch-Französischer Garten
40%
Wie heißt das bekannte Einkaufszentrum in der Innenstadt? Europa-Galerie
39%
Wie heißt der zentrale Platz in der Innenstadt? St. Johanner Markt
36%
Welches bekannte Festival findet in Saarbrücken statt? Filmfestival Max Ophüls Preis
29%
Keine übereinstimmenden Quizze gefunden
Verteilung der Resultate
Anzahl Personen mit jedem Resultat
Perzentil nach korrekt beantworteten Fragen
Ihre Resultats-Entwicklung
Sie haben dieses Quiz noch nicht gespielt